| 000 | 00410nam a22001577a 4500 | ||
|---|---|---|---|
| 999 |
_c8716 _d8716 |
||
| 003 | OSt | ||
| 008 | 200707b ||||| |||| 00| 0 eng d | ||
| 020 | _a9798189747663 | ||
| 100 | _aBhaskaran, Shyamala | ||
| 245 | _aIndustrial Pharmacy | ||
| 250 | _a5th, 2019 | ||
| 260 |
_aNew Delhi _bBirla Publications Pvt. Ltd. |
||
| 300 | _aPg. 296 | ||
| 650 | _aPharmaceutical Dosage form /Cosmetic | ||
| 942 |
_2ddc _cBK _02 |
||